Materinské mlieko ako zdroj potenciálne probiotických laktobacilov

Gespeichert in:
Bibliographische Detailangaben
1. Verfasser: Borkovičová, Andrea (Verfasst von)
Weitere Verfasser: Greifová, Mária (Betreuung Doktorarbeit)
Format: Manuskript Buch
Sprache:Slowakisch
Veröffentlicht: 2024
Schlagworte:
Online-Zugang:http://is.stuba.sk/zp/portal_zp.pl?podrobnosti=177021
Tags: Tag hinzufügen
Keine Tags, Fügen Sie das erste Tag hinzu!

MARC

LEADER 00000ntm a22000003a 4500
001 stuzp99113
003 SK-STU
005 20240601210453.2
007 ta
008 150427s2015----xo-----f-mn---000-0-slo-d
040 |a STU  |b slo 
041 0 |a slo 
100 1 |a Borkovičová, Andrea  |u 040250  |4 aut  |U FCHPT Ústav potravinárstva a výživy  |T FCHPT Oddelenie potravinárskej technológie  |X 104118  |U C0250  |Y 685  |7 104118 
242 0 1 |a Breast milk as a source of potentially probiotic lactobacilli  |y eng 
245 1 0 |a Materinské mlieko ako zdroj potenciálne probiotických laktobacilov 
260 |c 2024 
650 4 |a materské mlieko  |2 slo 
650 4 |a mikrobióm  |2 slo 
650 4 |a rod Lactobacillus  |2 slo 
650 4 |a probiotikum  |2 slo 
650 4 |a breast milk  |2 eng 
650 4 |a genus Lactobacillus  |2 eng 
650 4 |a probiotics  |2 eng 
650 4 |a microbiome  |2 eng 
700 1 |a Greifová, Mária  |u 040250  |k Z1  |4 ths  |U FCHPT Ústav potravinárstva a výživy  |T FCHPT Oddelenie potravinárskej technológie  |X 3880  |U C0250  |Y 685  |7 A000003880 
856 4 |u http://is.stuba.sk/zp/portal_zp.pl?podrobnosti=177021